LEADER 01458nam a2200385 i 4500 001 991002221799707536 007 cr nn 008mamaa 008 121227s2003 de | s |0|| 0|eng d 020 $a9783540449454 035 $ab14140238-39ule_inst 040 $aBibl. Dip.le Aggr. Matematica e Fisica - Sez. Matematica$beng 082 04$a515.5$223 084 $aAMS 33-01 084 $aAMS 42C05 084 $aLC QA3.L28 245 00$aOrthogonal polynomials and special functions$h[e-book] :$bLeuven 2002 /$cErik Koelink, Walter Van Assche (eds.) 260 $aBerlin :$bSpringer,$cc2003 300 $a1 online resource (x, 249 p.) 440 0$aLecture notes in mathematics,$x0075-8434 ;$v1817 650 0$aMathematics 650 0$aTopological Groups 650 0$aFourier analysis 650 0$aDifferential Equations 650 0$aFunctions, special 650 0$aComputer science 650 0$aCombinatorics 700 1 $aKoelink, Erik$eauthor$4http://id.loc.gov/vocabulary/relators/aut$0149639 700 1 $aAssche, Walter$eauthor$4http://id.loc.gov/vocabulary/relators/aut$0478915 773 0 $aSpringer eBooks 856 40$uhttp://dx.doi.org/10.1007/b12166$zAn electronic book accessible through the World Wide Web 907 $a.b14140238$b03-03-22$c05-09-13 912 $a991002221799707536 996 $aOrthogonal polynomials and special functions$93370224 997 $aUNISALENTO 998 $ale013$b05-09-13$cm$d@ $e-$feng$gde $h0$i0 LEADER 05745nam 2200721 450 001 9910811629103321 005 20230126212323.0 010 $a90-272-6932-7 035 $a(CKB)3710000000270462 035 $a(EBL)1825435 035 $a(SSID)ssj0001368614 035 $a(PQKBManifestationID)12508242 035 $a(PQKBTitleCode)TC0001368614 035 $a(PQKBWorkID)11450030 035 $a(PQKB)10414180 035 $a(MiAaPQ)EBC1825435 035 $a(Au-PeEL)EBL1825435 035 $a(CaPaEBR)ebr10960632 035 $a(CaONFJC)MIL663019 035 $a(OCoLC)894170984 035 $a(EXLCZ)993710000000270462 100 $a20141107h20142014 uy 0 101 0 $aeng 135 $aur|n|---||||| 181 $ctxt 182 $cc 183 $acr 200 10$aPragmatics of tense and time in news $efrom canonical headlines to online news texts /$fJan Chovanec 210 1$aAmsterdam, Netherlands ;$aPhiladelphia, Pennsylvania :$cJohn Benjamins Publishing Company,$d2014. 210 4$dİ2014 215 $a1 online resource (310 p.) 225 1 $aPragmatics & Beyond New Series,$x0922-842X ;$vVolume 253 300 $aDescription based upon print version of record. 311 $a1-322-31737-2 311 $a90-272-5658-6 320 $aIncludes bibliographical references and index. 327 $aPragmatics of Tense and Time in News; Editorial page; Title page; LCC data; Table of contents; Preface; Acknowledgements; List of abbreviations; List of tables and figures; 1. Introduction; 1.1 Goals and objectives; 1.2 Approach; 1.3 Data; 1.4 Overview of chapters; Part I. Temporal deixis in print and online news; 2. Theoretical foundations; 2.1 Pragmatics; 2.2 Functionalism and Halliday's metafunctions; 2.3 Heteroglossia; 2.4 News discourse analysis; 3. Temporal deixis and news discourse; 3.1 Deixis and interaction; 3.2 Deictic centre; 3.3 Deictic projection 327 $a3.4 Deictic projection in news texts3.5 Time adverbials and shared temporal context; 3.6 Deictic and non-deictic time expressions; 3.7 Time expressions in news texts; 3.8 Deictic centres in print newspapers; 3.9 Pre-emptiveness of deictic time adverbials; 3.10 Modelling deictic projection in news texts; 3.11 Temporal deixis and tenses; 4. Temporal deixis in online newspapers; 4.1 Hypertextuality and the double textual level of online news; 4.2 Temporal anchorage points in online newspapers; 4.3 Temporal anchorage on the home page; 4.4 Temporal anchorage in article previews 327 $a4.5 Temporal anchorage on article web pages4.6 Hypertextuality and temporal mapping in online articles; 4.7 Temporal deixis and internal hyperlinks; Part II. Textual rhetoric of headlines; 5. Temporal deixis in headlines; 5.1 Material for analysis; 5.2 Headlines and the expression of time; 5.3 Adverbials of time in headlines; Absence of adverbials of time from headlines; Presence of adverbials of time in headlines; 5.4 Expressing the setting and location of the story; 5.5 Verbal tenses in headlines; 5.6 Tense in headlines in the data; 5.7 Headline conventions; Grammatical features 327 $aLexical featuresNon-linguistic features; 6. The present tense in headlines; 6.1 The defaultness of the present tense in news headlines; 6.2 Deictic and non-deictic tense; 6.3 Present time reference of the simple present tense; State present; Habitual present; Instantaneous present; 6.4 Past-time reference of the simple present tense; Semantics of the past-time reference of the present tense; Historic present; Tense as an evaluation device; Deictic centre projection; 6.5 Future time reference of the simple present tense; 6.6 Potential ambiguity of the simple present tense in headlines 327 $aManipulation of temporal deixis7. Other tenses in headlines; 7.1 Expressing futurity; To-future; Modal auxiliaries; Will-future; Lexically expressed future; 7.2 The present perfect; Headlines marking trends and changes; Heteroglossic headlines; Dual headlines; 7.3 The simple past tense: From heteroglossia to information flow management; The past tense in the non-authorial accessed voice; The past tense in the paper's authorial voice; The past tense as a marker of non-recency; The past tense, subordination and information flow; The past tense as a marker of accessed voice 327 $aOther uses of the simple past tense - the non-factive presupposition 330 $aThis book provides the first comprehensive account of temporal deixis in English printed and online news texts. Linking the characteristic usage of tenses with the projection of deictic centres, it notes how conventional tenses, particularly in headlines, are affected by heteroglossia arising from various accessed voices. The resulting tense shifts are interpreted pragmatically as a conventional reader-oriented strategy that creates the impression of temporal co-presence. It is argued that since different tense choices systematically correlate with the three main textual segments of news texts 410 0$aPragmatics & beyond ;$vVolume 253. 606 $aPragmatics$xData processing 606 $aMass media and language 606 $aMass media$xSocial aspects 606 $aSpeech acts (Linguistics) 606 $aInternet$xSocial aspects 615 0$aPragmatics$xData processing. 615 0$aMass media and language. 615 0$aMass media$xSocial aspects. 615 0$aSpeech acts (Linguistics) 615 0$aInternet$xSocial aspects. 676 $a070.401/41 700 $aChovanec$b Jan$01597680 801 0$bMiAaPQ 801 1$bMiAaPQ 801 2$bMiAaPQ 906 $aBOOK 912 $a9910811629103321 996 $aPragmatics of tense and time in news$93955849 997 $aUNINA